Derecho concursal. Los delitos concursales
Salvato in:
| Autore principale: | |
|---|---|
| Natura: | Libro |
| Lingua: | spagnolo |
| Pubblicazione: |
Santiago
Editorial Juridica de Chile
2016
|
| Edizione: | 3a. ed |
| Soggetti: | |
| Tags: |
Aggiungi Tag
Nessun Tag, puoi essere il primo ad aggiungerne!!
|
MARC
| LEADER | 00000cam a2200000 a 4500 | ||
|---|---|---|---|
| 001 | UCD4876 | ||
| 003 | CL-VaPUC | ||
| 008 | 160722e20160000cl |||||||||||||||||spa|d | ||
| 020 | |a 9789561023932 | ||
| 082 | 0 | 4 | |a 346.83078 |b PUG |2 21 |
| 100 | 0 | |a Puga Vial, Juan Esteban |e author |9 588563 | |
| 245 | 1 | 0 | |a Derecho concursal. Los delitos concursales |
| 250 | |a 3a. ed | ||
| 300 | |a 232 p | ||
| 942 | |c BK | ||
| 945 | |d 20160722 23:21:00 |a arojas | ||
| 260 | |a Santiago |b Editorial Juridica de Chile |c 2016 | ||
| 650 | 0 | |a Delitos |9 224143 | |
| 650 | 0 | |a Derecho concursal |9 374010 | |
| 651 | 7 | |a CHILE |2 CL-VaPUC |9 588564 | |
| 583 | |a last modification |c 20160722 23:21:00 |k Rodrigo Vera | ||
| 999 | |c 365668 |d 365666 | ||
| 952 | |0 0 |1 0 |3 erb |4 0 |6 346_830780000000000_PUG_2016 |7 0 |8 A |9 479582 |a BIBDER |b BIBDER |i 5298911 |l 1 |o 346.83078 PUG 2016 |p 5298911 |r 2024-03-18 |s 2024-03-11 |w 2019-11-24 |y BK |z Catalogado en:20160722 |k DER | ||